000 00463nam a2200181 i 4500
001 bg
100 1 _aDZIERŻYKRAY-ROGALSKI, Tadeusz.
245 1 0 _aRytmy i antyrytmy biologiczne w życiu człowieka /
_cTadeusz Dzierżykray-Rogalski.
250 _aWyd.2.
260 _aWarszawa,
_c1980.
490 1 _aOmega ;
_v297
830 _aOmega ;
040 _cBPK
041 _apol
080 _a612+616
942 _cKS
008 s pl f |000 0 pol
999 _c21564
_d21564
856 _uhttp://koha.tu.koszalin.pl/cgi-bin/koha/opac-detail.pl?biblionumber=21564
_yKatalog online BPK